[Event "M.Botvinnik Memorial 2012 Blitz"]
[Site "St. Petersburg"]
[Date "2012.08.24"]
[Round "8.6"]
[White "Khairullin, Ildar"]
[Black "Hovhannisyan, Robert"]
[Result "0-1"]
[LiveChessVersion "1.3.1"]
[BlackElo "2587"]
[WhiteElo "2633"]

1. c4 {[%clk 0:03:03]} c6 {[%clk 0:03:01]} 2. e4 {[%clk 0:03:02]} d5
{[%clk 0:03:02]} 3. exd5 {[%clk 0:03:01]} Nf6 {[%clk 0:03:02]} 4. Nc3
{[%clk 0:02:57]} cxd5 {[%clk 0:03:03]} 5. d4 {[%clk 0:02:59]} e6 {[%clk 0:03:04]}
6. Nf3 {[%clk 0:02:59]} Bb4 {[%clk 0:03:05]} 7. cxd5 {[%clk 0:02:54]} Nxd5
{[%clk 0:03:06]} 8. Bd2 {[%clk 0:02:55]} Nc6 {[%clk 0:03:05]} 9. Bd3
{[%clk 0:02:56]} O-O {[%clk 0:03:01]} 10. O-O {[%clk 0:02:57]} Be7
{[%clk 0:03:01]} 11. Re1 {[%clk 0:02:50]} Bf6 {[%clk 0:02:45]} 12. Nxd5
{[%clk 0:02:50]} exd5 13. Ne5 Be6 {[%clk 0:02:39]} 14. Bc3 {[%clk 0:02:36]} Re8
{[%clk 0:02:31]} 15. Nxc6 {[%clk 0:02:15]} bxc6 16. b4 Qd7 {[%clk 0:02:08]} 17.
Qf3 {[%clk 0:01:59]} Bg4 {[%clk 0:01:57]} 18. Qf4 {[%clk 0:01:57]} Bh5
{[%clk 0:01:43]} 19. Qf5 {[%clk 0:01:39]} Qxf5 {[%clk 0:01:39]} 20. Bxf5
{[%clk 0:01:40]} Red8 {[%clk 0:01:03]} 21. Bd3 {[%clk 0:01:32]} Bg6
{[%clk 0:01:02]} 22. Ba6 {[%clk 0:01:33]} Rab8 {[%clk 0:00:59]} 23. g3
{[%clk 0:01:02]} Be4 {[%clk 0:00:50]} 24. Be2 {[%clk 0:00:34]} g5
{[%clk 0:00:43]} 25. f3 {[%clk 0:00:35]} Bg6 {[%clk 0:00:42]} 26. Kf2
{[%clk 0:00:36]} Kg7 {[%clk 0:00:38]} 27. Rac1 {[%clk 0:00:36]} h5
{[%clk 0:00:36]} 28. a3 {[%clk 0:00:30]} Rh8 {[%clk 0:00:28]} 29. Bd1
{[%clk 0:00:26]} g4 {[%clk 0:00:24]} 30. Ba1 {[%clk 0:00:14]} Rb6
{[%clk 0:00:21]} 31. Ba4 {[%clk 0:00:12]} Ra6 {[%clk 0:00:19]} 32. Bxc6
{[%clk 0:00:11]} Rxa3 {[%clk 0:00:20]} 33. Bxd5 {[%clk 0:00:11]} Rd8
{[%clk 0:00:15]} 34. Be4 {[%clk 0:00:07]} Rxa1 {[%clk 0:00:12]} 35. Rxa1
{[%clk 0:00:08]} Bxd4+ {[%clk 0:00:13]} 36. Kg2 {[%clk 0:00:09]} Bxa1
{[%clk 0:00:14]} 37. Rxa1 {[%clk 0:00:11]} Rd2+ {[%clk 0:00:14]} 38. Kg1
{[%clk 0:00:12]} Bxe4 {[%clk 0:00:11]} 39. fxe4 {[%clk 0:00:13]} Rb2
{[%clk 0:00:10]} 40. Rxa7 {[%clk 0:00:13]} Rxb4 {[%clk 0:00:11]} 41. Re7
{[%clk 0:00:13]} Rb2 {[%clk 0:00:10]} 42. Re5 {[%clk 0:00:14]} Kg6
{[%clk 0:00:11]} 43. Rf5 {[%clk 0:00:15]} Re2 {[%clk 0:00:11]} 44. Rf4
{[%clk 0:00:16]} f6 {[%clk 0:00:13]} 45. Kh1 {[%clk 0:00:16]} Kg7
{[%clk 0:00:12]} 46. Kg1 {[%clk 0:00:17]} Kf7 {[%clk 0:00:13]} 47. Rf5
{[%clk 0:00:18]} Kg6 {[%clk 0:00:12]} 48. Rf4 {[%clk 0:00:19]} Ra2
{[%clk 0:00:09]} 49. Rf5 {[%clk 0:00:19]} Ra4 {[%clk 0:00:10]} 50. Rf4
{[%clk 0:00:20]} Ra5 {[%clk 0:00:11]} 51. Kg2 {[%clk 0:00:21]} Ra2+
{[%clk 0:00:11]} 52. Kg1 {[%clk 0:00:22]} Rb2 {[%clk 0:00:12]} 53. Rf5
{[%clk 0:00:23]} Rb4 {[%clk 0:00:10]} 54. Rf4 {[%clk 0:00:24]} Rb5
{[%clk 0:00:11]} 55. Kg2 {[%clk 0:00:25]} Kg5 {[%clk 0:00:12]} 56. Kg1
{[%clk 0:00:25]} h4 {[%clk 0:00:12]} 57. h3 {[%clk 0:00:23]} Rb1+
{[%clk 0:00:12]} 58. Kg2 {[%clk 0:00:22]} Rb2+ {[%clk 0:00:12]} 59. Kg1
{[%clk 0:00:23]} gxh3 {[%clk 0:00:12]} 60. Rxh4 {[%clk 0:00:23]} Rg2+
{[%clk 0:00:13]} 61. Kh1 {[%clk 0:00:19]} Rxg3 {[%clk 0:00:15]} 62. Rh8
{[%clk 0:00:20]} Re3 {[%clk 0:00:12]} 63. Kh2 {[%clk 0:00:19]} Kf4
{[%clk 0:00:11]} 64. Rh4+ {[%clk 0:00:19]} Ke5 {[%clk 0:00:12]} 65. Kg1
{[%clk 0:00:10]} Rf3 {[%clk 0:00:11]} 66. Kh2 {[%clk 0:00:08]} Kd4
{[%clk 0:00:10]} 67. Kg1 {[%clk 0:00:09]} Ke5 {[%clk 0:00:07]} 68. Kh2
{[%clk 0:00:10]} Re3 {[%clk 0:00:08]} 69. Kg1 {[%clk 0:00:11]} Ke6
{[%clk 0:00:08]} 70. Kh2 {[%clk 0:00:11]} Kd6 {[%clk 0:00:09]} 71. Rxh3
{[%clk 0:00:10]} Rxh3+ {[%clk 0:00:09]} 72. Kxh3 {[%clk 0:00:11]} Ke5
{[%clk 0:00:10]} 0-1

[Event "M.Botvinnik Memorial 2012 Blitz"]
[Site "St. Petersburg"]
[Date "2012.08.24"]
[Round "8.7"]
[White "Yemelin, Vasily"]
[Black "Zvjaginsev, Vadim"]
[Result "0-1"]
[LiveChessVersion "1.3.1"]
[BlackElo "2671"]
[WhiteElo "2554"]

1. e4 e6 2. d4 d5 3. Nc3 Nf6 4. e5 Nfd7 5. f4 c5 6. Nf3 Nc6 7. Be3 cxd4 8. Nxd4
Bc5 9. Qd2 O-O 10. O-O-O Bxd4 11. Bxd4 Qa5 12. Bf2 Rb8 13. Bb5 a6 14. Bd3 d4 15.
Nb1 Nb4 16. Bc4 b5 17. a3 bxc4 18. axb4 c3 19. bxc3 Qa2 20. Bxd4 a5 21. Qe1 Ba6
22. Kd2 axb4 23. cxb4 Rxb4 24. Ke3 Qxc2 25. Qd2 Rb3+ 26. Nc3 Qf5 27. Rb1 Rfb8 28.
Rxb3 Rxb3 29. Qa2 Qd3+ 30. Nb1 0-1

[Event "M.Botvinnik Memorial 2012 Blitz"]
[Site "St. Petersburg"]
[Date "2012.08.24"]
[Round "8.8"]
[White "Andriasian, Zaven"]
[Black "Ovetchkin, Roman"]
[Result "1-0"]
[LiveChessVersion "1.3.1"]
[BlackElo "2525"]
[WhiteElo "2616"]

1. e4 e5 2. Nf3 Nc6 3. Bc4 Bc5 4. O-O Nf6 5. d3 O-O 6. c3 a5 7. Nbd2 Re8 8. Ng5
Re7 9. Re1 h6 10. Ngf3 Re8 11. Nf1 d5 12. exd5 Nxd5 13. Ng3 Be6 14. Bb5 f6 15. d4
exd4 16. Nxd4 Bxd4 17. cxd4 Qd7 18. Be3 Bf7 19. Rc1 Re7 20. Bd2 Rxe1+ 21. Bxe1
Nde7 22. Bc3 Bd5 23. a4 b6 24. h3 Qe6 25. Qd2 Rd8 26. Re1 Qf7 27. Qf4 Ng6 28. Qg4
Nf8 29. Nf5 Kh8 30. Bxc6 Bxc6 31. Re7 Qg6 32. Rxg7 Qxg4 33. hxg4 Bd5 34. Rxc7 Ne6
35. Rf7 Rf8 36. Rd7 Rd8 37. Re7 Bb3 38. d5 1-0

[Event "M.Botvinnik Memorial 2012 Blitz"]
[Site "St. Petersburg"]
[Date "2012.08.24"]
[Round "8.10"]
[White "Orlov, Oleg"]
[Black "Lintchevski, Daniil"]
[Result "0-1"]
[LiveChessVersion "1.3.1"]
[BlackElo "2558"]
[WhiteElo "2305"]

1. Nf3 d5 2. c4 dxc4 3. e3 Nf6 4. Bxc4 e6 5. O-O c5 6. b3 Be7 7. Bb2 a6 8. d4
cxd4 9. Nxd4 O-O 10. Qf3 Nbd7 11. Qd1 Qc7 12. Nd2 b5 13. Be2 Bb7 14. Rc1 Qb6 15.
Bf3 Rac8 16. Bxb7 Qxb7 17. Qf3 Qxf3 18. N2xf3 Rfe8 19. Rfd1 Bc5 20. h3 h6 21. Kf1
Kf8 22. Ke2 Red8 23. g4 Ke8 24. Rg1 g6 25. h4 Bxd4 26. Nxd4 Rxc1 27. Bxc1 Rc8 28.
Ba3 Ne4 29. f3 Nc3+ 30. Kd3 Nd5 31. Bb2 Nb4+ 32. Kd2 e5 33. a3 exd4 34. axb4
dxe3+ 35. Kxe3 Nb6 36. Re1 Kd7 37. Rd1+ Ke6 38. Re1 Kd7 39. Kd4 Rc6 40. Bc1 Rd6+
41. Kc3 Nd5+ 42. Kb2 Nxb4 43. Kc3 Na2+ 44. Kb2 Nb4 45. Kc3 Na2+ 46. Kb2 Nb4 47.
Kc3 a5 48. Bxh6 Rd3+ 49. Kb2 Rxf3 50. Rd1+ Ke6 51. Bf8 Nd3+ 52. Kc2 Nb4+ 53. Kb2
Rh3 54. Rd6+ Ke5 55. Rb6 Nd3+ 56. Kc2 b4 57. Rb5+ Ke4 58. Rxa5 Rh2+ 59. Kd1 Rxh4
60. g5 Rh1+ 61. Kd2 Rh2+ 62. Kd1 Ke3 63. Bc5+ Nxc5 64. Rxc5 Kd3 65. Rc4 Rh1# 0-1

[Event "M.Botvinnik Memorial 2012 Blitz"]
[Site "St. Petersburg"]
[Date "2012.08.24"]
[Round "8.11"]
[White "Popov, Valerij"]
[Black "Fedoseev, Vladimir"]
[Result "0-1"]
[LiveChessVersion "1.3.1"]
[BlackElo "2506"]
[WhiteElo "2557"]

1. d4 {[%clk 0:03:03]} Nf6 {[%clk 0:03:02]} 2. c4 {[%clk 0:03:05]} g6
{[%clk 0:03:00]} 3. Nc3 {[%clk 0:03:06]} Bg7 {[%clk 0:03:00]} 4. e4
{[%clk 0:03:07]} d6 {[%clk 0:03:01]} 5. f3 {[%clk 0:03:06]} O-O {[%clk 0:02:59]}
6. Be3 {[%clk 0:03:08]} e5 {[%clk 0:03:00]} 7. d5 {[%clk 0:03:07]} c6
{[%clk 0:03:00]} 8. Qd2 {[%clk 0:03:07]} cxd5 {[%clk 0:03:00]} 9. cxd5
{[%clk 0:03:09]} a6 {[%clk 0:02:58]} 10. Bd3 {[%clk 0:03:04]} Ne8
{[%clk 0:02:03]} 11. h4 {[%clk 0:02:57]} f5 {[%clk 0:02:01]} 12. h5
{[%clk 0:02:58]} f4 {[%clk 0:01:38]} 13. Bf2 {[%clk 0:02:59]} Qg5
{[%clk 0:01:22]} 14. Rh2 {[%clk 0:02:59]} Qh6 {[%clk 0:01:09]} 15. O-O-O
{[%clk 0:02:41]} b5 {[%clk 0:01:02]} 16. a4 {[%clk 0:02:31]} b4 {[%clk 0:00:58]}
17. Nce2 {[%clk 0:02:30]} a5 {[%clk 0:00:55]} 18. g3 {[%clk 0:02:16]} Bd7
{[%clk 0:00:52]} 19. b3 {[%clk 0:02:14]} fxg3 {[%clk 0:00:45]} 20. Nxg3
{[%clk 0:02:09]} Qxd2+ {[%clk 0:00:41]} 21. Kxd2 {[%clk 0:02:10]} Bh6+
{[%clk 0:00:36]} 22. Be3 {[%clk 0:01:51]} Bxe3+ {[%clk 0:00:35]} 23. Kxe3
{[%clk 0:01:52]} Na6 {[%clk 0:00:34]} 24. Bxa6 {[%clk 0:01:48]} Rxa6
{[%clk 0:00:35]} 25. hxg6 {[%clk 0:01:48]} hxg6 {[%clk 0:00:35]} 26. Rc1
{[%clk 0:01:30]} Nf6 {[%clk 0:00:27]} 27. Rhc2 {[%clk 0:01:20]} Be8
{[%clk 0:00:24]} 28. Rc7 {[%clk 0:01:09]} Nd7 {[%clk 0:00:21]} 29. Nh3
{[%clk 0:00:50]} Nc5 {[%clk 0:00:18]} 30. Ng5 {[%clk 0:00:47]} Bd7
{[%clk 0:00:12]} 31. R1xc5 {[%clk 0:00:46]} dxc5 {[%clk 0:00:13]} 32. Rxd7
{[%clk 0:00:47]} c4 33. bxc4 {[%clk 0:00:42]} Rb6 {[%clk 0:00:16]} 34. Ne6
{[%clk 0:00:13]} b3 {[%clk 0:00:18]} 35. Rg7+ {[%clk 0:00:15]} Kh8
{[%clk 0:00:19]} 36. Rxg6 {[%clk 0:00:16]} Rf7 {[%clk 0:00:13]} 37. Nh5
{[%clk 0:00:09]} b2 {[%clk 0:00:14]} 38. Rh6+ {[%clk 0:00:08]} Rh7
{[%clk 0:00:16]} 39. Rf6 Rb8 40. Ng5 {[%clk 0:00:09]} b1=Q {[%clk 0:00:14]} 41.
Nxh7 {[%clk 0:00:11]} Qe1+ 42. Kd4 {[%clk 0:00:00]} 0-1

[Event "M.Botvinnik Memorial 2012 Blitz"]
[Site "St. Petersburg"]
[Date "2012.08.24"]
[Round "8.12"]
[White "Smirnov, Artem"]
[Black "Grigoryan, Avetik"]
[Result "1/2-1/2"]
[LiveChessVersion "1.3.1"]
[BlackElo "2626"]
[WhiteElo "2425"]

1. d4 {[%clk 0:03:03]} Nf6 {[%clk 0:03:04]} 2. Bg5 {[%clk 0:03:03]} e6
{[%clk 0:03:03]} 3. e4 {[%clk 0:03:03]} d5 {[%clk 0:03:00]} 4. e5
{[%clk 0:03:01]} h6 {[%clk 0:03:01]} 5. Be3 {[%clk 0:03:01]} Nfd7
{[%clk 0:03:02]} 6. f4 {[%clk 0:02:46]} c5 {[%clk 0:03:01]} 7. c3
{[%clk 0:02:33]} Nc6 {[%clk 0:02:58]} 8. Nf3 {[%clk 0:02:32]} cxd4
{[%clk 0:02:27]} 9. cxd4 {[%clk 0:02:29]} Nb6 {[%clk 0:02:28]} 10. Nbd2
{[%clk 0:02:13]} Bd7 {[%clk 0:02:28]} 11. a3 {[%clk 0:01:55]} a5 {[%clk 0:02:22]}
12. Bd3 {[%clk 0:01:55]} a4 {[%clk 0:02:23]} 13. O-O {[%clk 0:01:52]} Be7
{[%clk 0:02:13]} 14. Rc1 {[%clk 0:01:46]} Na5 {[%clk 0:02:08]} 15. Qe2
{[%clk 0:01:12]} Nac4 {[%clk 0:01:35]} 16. Nxc4 {[%clk 0:01:00]} Nxc4
{[%clk 0:01:36]} 17. Bf2 {[%clk 0:00:44]} b5 {[%clk 0:01:36]} 18. g4
{[%clk 0:00:32]} h5 {[%clk 0:01:26]} 19. gxh5 {[%clk 0:00:31]} Rxh5
{[%clk 0:01:22]} 20. Ng5 {[%clk 0:00:30]} Rh8 {[%clk 0:01:10]} 21. Qg4
{[%clk 0:00:28]} Qb6 {[%clk 0:01:03]} 22. Rc2 {[%clk 0:00:26]} f5
{[%clk 0:00:32]} 23. exf6 {[%clk 0:00:25]} gxf6 {[%clk 0:00:33]} 24. Bg6+
{[%clk 0:00:22]} Kf8 {[%clk 0:00:34]} 25. Nf7 {[%clk 0:00:21]} Rg8
{[%clk 0:00:20]} 26. Qh5 {[%clk 0:00:17]} Be8 {[%clk 0:00:09]} 27. Qh6+ Rg7 28.
Qh8+ {[%clk 0:00:15]} Rg8 {[%clk 0:00:12]} 29. Qh6+ {[%clk 0:00:09]} Rg7
{[%clk 0:00:13]} 1/2-1/2

[Event "M.Botvinnik Memorial 2012 Blitz"]
[Site "St. Petersburg"]
[Date "2012.08.24"]
[Round "9.1"]
[White "Hovhannisyan, Robert"]
[Black "Alekseev, Evgeny"]
[Result "1-0"]
[LiveChessVersion "1.3.1"]
[BlackElo "2639"]
[WhiteElo "2587"]

1. e4 {[%clk 0:03:03]} c5 {[%clk 0:03:02]} 2. Nf3 {[%clk 0:03:03]} Nc6
{[%clk 0:03:02]} 3. d4 {[%clk 0:03:04]} cxd4 {[%clk 0:03:02]} 4. Nxd4
{[%clk 0:03:05]} Qb6 {[%clk 0:03:02]} 5. Nxc6 {[%clk 0:03:04]} bxc6
{[%clk 0:03:00]} 6. Nd2 {[%clk 0:03:04]} Qc7 {[%clk 0:02:49]} 7. Bd3
{[%clk 0:03:02]} Nf6 {[%clk 0:02:44]} 8. O-O {[%clk 0:02:59]} e6 {[%clk 0:02:40]}
9. b3 {[%clk 0:02:45]} Be7 {[%clk 0:02:34]} 10. Bb2 {[%clk 0:02:45]} d5
{[%clk 0:02:18]} 11. c4 {[%clk 0:02:44]} O-O {[%clk 0:02:12]} 12. Rc1
{[%clk 0:02:40]} Qd8 {[%clk 0:02:10]} 13. Qe2 {[%clk 0:02:34]} Bb7
{[%clk 0:01:58]} 14. Rfd1 {[%clk 0:02:17]} a5 {[%clk 0:01:54]} 15. cxd5
{[%clk 0:01:42]} cxd5 {[%clk 0:01:54]} 16. exd5 {[%clk 0:01:43]} exd5
{[%clk 0:01:30]} 17. Nf3 {[%clk 0:01:30]} a4 {[%clk 0:01:07]} 18. Nd4
{[%clk 0:01:20]} axb3 {[%clk 0:00:58]} 19. axb3 {[%clk 0:01:21]} Ba3
{[%clk 0:00:34]} 20. Bxa3 {[%clk 0:00:52]} Rxa3 {[%clk 0:00:35]} 21. Qb2
{[%clk 0:00:49]} Ra8 {[%clk 0:00:31]} 22. b4 {[%clk 0:00:48]} Qb6
{[%clk 0:00:28]} 23. Ra1 {[%clk 0:00:41]} g6 {[%clk 0:00:24]} 24. b5
{[%clk 0:00:38]} Ne4 {[%clk 0:00:23]} 25. Rxa8 {[%clk 0:00:25]} Rxa8
{[%clk 0:00:24]} 26. Bf1 {[%clk 0:00:13]} Rc8 {[%clk 0:00:21]} 27. Qb4 h5
{[%clk 0:00:11]} 28. Qe7 {[%clk 0:00:06]} Qc7 {[%clk 0:00:06]} 29. Qxc7
{[%clk 0:00:07]} Rxc7 {[%clk 0:00:07]} 30. f3 {[%clk 0:00:06]} Nd6 31. Rb1
{[%clk 0:00:06]} Rc3 {[%clk 0:00:07]} 32. Kf2 {[%clk 0:00:05]} Kg7
{[%clk 0:00:07]} 33. Rb2 {[%clk 0:00:06]} Rc1 {[%clk 0:00:08]} 34. Rc2
{[%clk 0:00:06]} Rb1 {[%clk 0:00:08]} 35. Rc7 {[%clk 0:00:06]} Kf6
{[%clk 0:00:04]} 36. Rd7 {[%clk 0:00:06]} Ke5 {[%clk 0:00:05]} 37. Ke3
{[%clk 0:00:03]} g5 {[%clk 0:00:04]} 38. Bd3 {[%clk 0:00:04]} Re1+
{[%clk 0:00:04]} 39. Ne2 {[%clk 0:00:05]} d4+ {[%clk 0:00:04]} 40. Kd2
{[%clk 0:00:07]} Ra1 {[%clk 0:00:05]} 41. Re7+ {[%clk 0:00:07]} Kf6
{[%clk 0:00:07]} 42. Rd7 {[%clk 0:00:08]} Ke6 {[%clk 0:00:08]} 43. Rc7
{[%clk 0:00:09]} Ra2+ {[%clk 0:00:09]} 44. Ke1 {[%clk 0:00:10]} Ke5
{[%clk 0:00:10]} 45. Re7+ {[%clk 0:00:09]} Kf6 {[%clk 0:00:11]} 46. Rd7
{[%clk 0:00:10]} Ke6 {[%clk 0:00:13]} 47. Rc7 {[%clk 0:00:11]} Ke5
{[%clk 0:00:14]} 48. Rc5+ {[%clk 0:00:12]} Bd5 {[%clk 0:00:14]} 49. g3
{[%clk 0:00:09]} Ra3 {[%clk 0:00:15]} 50. Kd2 {[%clk 0:00:09]} Ra2+
{[%clk 0:00:15]} 51. Ke1 {[%clk 0:00:10]} Ra3 {[%clk 0:00:16]} 52. f4+
{[%clk 0:00:11]} gxf4 {[%clk 0:00:17]} 53. Nxf4 {[%clk 0:00:12]} Rxd3
{[%clk 0:00:12]} 54. Nxd3+ Ke4 55. Nf2+ {[%clk 0:00:14]} Ke5 {[%clk 0:00:14]} 56.
b6 {[%clk 0:00:15]} Nb7 {[%clk 0:00:14]} 57. Rc7 {[%clk 0:00:15]} Kd6
{[%clk 0:00:15]} 58. Nd3 {[%clk 0:00:15]} Be4 {[%clk 0:00:15]} 59. Nf4
{[%clk 0:00:13]} Nc5 {[%clk 0:00:16]} 60. Rxf7 {[%clk 0:00:14]} d3
{[%clk 0:00:16]} 61. Rc7 {[%clk 0:00:12]} Nb3 {[%clk 0:00:16]} 62. Rc3
{[%clk 0:00:09]} Nc5 {[%clk 0:00:13]} 63. b7 {[%clk 0:00:08]} Bxb7
{[%clk 0:00:12]} 64. Nxd3 {[%clk 0:00:09]} Ne4 {[%clk 0:00:13]} 65. Rb3
{[%clk 0:00:10]} Bd5 {[%clk 0:00:14]} 66. Rb4 {[%clk 0:00:11]} Ng5
{[%clk 0:00:13]} 67. Nf4 {[%clk 0:00:11]} Nf3+ {[%clk 0:00:11]} 68. Kf2
{[%clk 0:00:09]} Nxh2 {[%clk 0:00:11]} 69. Nxd5 {[%clk 0:00:08]} Kxd5
{[%clk 0:00:12]} 70. Rb5+ {[%clk 0:00:08]} 1-0

[Event "M.Botvinnik Memorial 2012 Blitz"]
[Site "St. Petersburg"]
[Date "2012.08.24"]
[Round "9.2"]
[White "Timofeev, Artyom"]
[Black "Dvoirys, Semen I."]
[Result "0-1"]
[LiveChessVersion "1.3.1"]
[BlackElo "2545"]
[WhiteElo "2639"]

1. c4 {[%clk 0:03:02]} e5 {[%clk 0:03:03]} 2. d3 {[%clk 0:03:02]} Nc6
{[%clk 0:03:00]} 3. Nc3 {[%clk 0:03:01]} g6 {[%clk 0:03:02]} 4. g3
{[%clk 0:03:02]} Bg7 {[%clk 0:03:03]} 5. Bg2 {[%clk 0:03:02]} a6 {[%clk 0:03:01]}
6. e3 {[%clk 0:02:54]} Rb8 {[%clk 0:03:02]} 7. b3 {[%clk 0:02:42]} b5
{[%clk 0:02:56]} 8. Bb2 {[%clk 0:02:41]} Nge7 {[%clk 0:02:54]} 9. Rc1
{[%clk 0:02:39]} O-O {[%clk 0:02:52]} 10. Nge2 {[%clk 0:02:39]} d6
{[%clk 0:02:46]} 11. O-O {[%clk 0:02:36]} Bd7 {[%clk 0:02:47]} 12. Nd5
{[%clk 0:02:30]} Nxd5 {[%clk 0:02:29]} 13. cxd5 {[%clk 0:02:30]} Ne7
{[%clk 0:02:30]} 14. d4 {[%clk 0:02:28]} Bg4 {[%clk 0:02:02]} 15. Re1
{[%clk 0:02:23]} Qd7 {[%clk 0:01:55]} 16. Qd2 {[%clk 0:02:13]} Bh3
{[%clk 0:01:44]} 17. e4 {[%clk 0:02:05]} Bxg2 {[%clk 0:01:44]} 18. Kxg2
{[%clk 0:02:05]} f5 {[%clk 0:01:37]} 19. dxe5 {[%clk 0:01:58]} dxe5
{[%clk 0:01:37]} 20. Ba3 {[%clk 0:01:49]} fxe4 {[%clk 0:01:32]} 21. Bxe7
{[%clk 0:01:41]} Qxe7 {[%clk 0:01:29]} 22. Nc3 {[%clk 0:01:42]} Qb4
{[%clk 0:01:03]} 23. Rxe4 {[%clk 0:01:38]} Qc5 {[%clk 0:01:01]} 24. b4
{[%clk 0:01:34]} Qd6 {[%clk 0:00:56]} 25. Qe3 {[%clk 0:01:15]} c6
{[%clk 0:00:54]} 26. Rd1 {[%clk 0:01:07]} cxd5 {[%clk 0:00:47]} 27. Nxd5
{[%clk 0:01:05]} Kh8 {[%clk 0:00:46]} 28. h4 {[%clk 0:01:02]} Rbd8
{[%clk 0:00:43]} 29. Qc5 {[%clk 0:00:55]} Qe6 {[%clk 0:00:40]} 30. Ree1
{[%clk 0:00:38]} Qf5 {[%clk 0:00:36]} 31. Qe3 {[%clk 0:00:36]} Rd7
{[%clk 0:00:36]} 32. Nc3 {[%clk 0:00:32]} Rdf7 {[%clk 0:00:37]} 33. Ne4
{[%clk 0:00:32]} Qg4 {[%clk 0:00:32]} 34. Qe2 {[%clk 0:00:31]} Qf5
{[%clk 0:00:27]} 35. Nd6 {[%clk 0:00:30]} Qxf2+ {[%clk 0:00:27]} 36. Kh3
{[%clk 0:00:27]} Rf3 {[%clk 0:00:27]} 37. Ne4 {[%clk 0:00:19]} Qb6
{[%clk 0:00:22]} 38. Rd6 {[%clk 0:00:19]} Qb7 {[%clk 0:00:22]} 39. Red1
{[%clk 0:00:18]} Qc8+ {[%clk 0:00:21]} 40. Kg2 {[%clk 0:00:18]} R3f7
{[%clk 0:00:21]} 41. Nc5 {[%clk 0:00:18]} Qf5 {[%clk 0:00:17]} 42. Ne4
{[%clk 0:00:15]} Rc7 {[%clk 0:00:15]} 43. Rd8 {[%clk 0:00:12]} Rc8
{[%clk 0:00:15]} 44. Nd6 {[%clk 0:00:06]} Qc2 {[%clk 0:00:09]} 45. Rd2
{[%clk 0:00:07]} Qc6+ {[%clk 0:00:10]} 46. Kh2 {[%clk 0:00:04]} Rcxd8
{[%clk 0:00:10]} 47. Nf7+ {[%clk 0:00:05]} Rxf7 {[%clk 0:00:11]} 48. Rxd8+
{[%clk 0:00:06]} Rf8 {[%clk 0:00:12]} 49. Rxf8+ {[%clk 0:00:06]} Bxf8
{[%clk 0:00:14]} 50. Qxe5+ {[%clk 0:00:07]} Kg8 {[%clk 0:00:15]} 51. Qd4
{[%clk 0:00:05]} Qc4 {[%clk 0:00:16]} 52. Qa7 {[%clk 0:00:05]} Qxa2+
{[%clk 0:00:16]} 53. Kh3 {[%clk 0:00:06]} Bxb4 54. Qb8+ {[%clk 0:00:05]} Bf8
{[%clk 0:00:17]} 55. h5 {[%clk 0:00:05]} Qe6+ {[%clk 0:00:17]} 0-1

[Event "M.Botvinnik Memorial 2012 Blitz"]
[Site "St. Petersburg"]
[Date "2012.08.24"]
[Round "9.3"]
[White "Lysyj, Igor"]
[Black "Tiviakov, Sergei"]
[Result "0-1"]
[LiveChessVersion "1.3.1"]
[BlackElo "2674"]
[WhiteElo "2604"]

1. d4 {[%clk 0:03:03]} Nf6 {[%clk 0:03:03]} 2. c4 {[%clk 0:03:04]} e6
{[%clk 0:03:05]} 3. Nf3 {[%clk 0:03:05]} b6 {[%clk 0:03:06]} 4. g3
{[%clk 0:03:06]} Bb4+ {[%clk 0:03:07]} 5. Bd2 {[%clk 0:03:07]} Be7
{[%clk 0:03:08]} 6. Bg2 {[%clk 0:03:00]} c6 {[%clk 0:03:09]} 7. O-O
{[%clk 0:02:35]} d5 {[%clk 0:03:10]} 8. Qc2 {[%clk 0:02:35]} O-O {[%clk 0:03:09]}
9. Rd1 {[%clk 0:02:29]} Ba6 {[%clk 0:03:05]} 10. b3 {[%clk 0:02:24]} Nbd7
{[%clk 0:03:05]} 11. a4 {[%clk 0:02:25]} c5 {[%clk 0:03:05]} 12. a5
{[%clk 0:02:07]} dxc4 {[%clk 0:02:56]} 13. bxc4 {[%clk 0:02:08]} Bb7
{[%clk 0:02:57]} 14. dxc5 {[%clk 0:02:02]} Nxc5 {[%clk 0:02:45]} 15. Bf4
{[%clk 0:01:50]} Qc8 {[%clk 0:02:45]} 16. Nc3 {[%clk 0:01:49]} Nce4
{[%clk 0:02:06]} 17. Nxe4 {[%clk 0:01:33]} Bxe4 {[%clk 0:02:05]} 18. Qb3
{[%clk 0:01:31]} bxa5 {[%clk 0:02:01]} 19. Rxa5 {[%clk 0:01:30]} Rd8
{[%clk 0:01:47]} 20. Rda1 {[%clk 0:01:13]} Bc5 {[%clk 0:01:47]} 21. Be3
{[%clk 0:01:07]} Rb8 {[%clk 0:01:30]} 22. Qa2 {[%clk 0:00:54]} Bxe3
{[%clk 0:01:29]} 23. fxe3 {[%clk 0:00:54]} Ng4 {[%clk 0:01:18]} 24. Rxa7
{[%clk 0:00:36]} Nxe3 {[%clk 0:01:17]} 25. Bh1 {[%clk 0:00:31]} Nxc4
{[%clk 0:01:11]} 26. h4 {[%clk 0:00:29]} Qc5+ {[%clk 0:01:08]} 27. Kh2
{[%clk 0:00:29]} Rb2 {[%clk 0:00:58]} 0-1

[Event "M.Botvinnik Memorial 2012 Blitz"]
[Site "St. Petersburg"]
[Date "2012.08.24"]
[Round "9.4"]
[White "Zvjaginsev, Vadim"]
[Black "Maletin, Pavel"]
[Result "1/2-1/2"]
[LiveChessVersion "1.3.1"]
[BlackElo "2600"]
[WhiteElo "2671"]

1. c4 {[%clk 0:03:03]} g6 {[%clk 0:02:57]} 2. Nf3 {[%clk 0:02:59]} Bg7
{[%clk 0:02:57]} 3. d4 {[%clk 0:02:49]} c5 {[%clk 0:02:57]} 4. e4
{[%clk 0:02:48]} Qa5+ {[%clk 0:02:53]} 5. Nc3 {[%clk 0:02:44]} Nf6
{[%clk 0:02:49]} 6. Bd3 {[%clk 0:02:29]} cxd4 {[%clk 0:02:49]} 7. Nxd4
{[%clk 0:02:31]} Nc6 {[%clk 0:02:49]} 8. Nb3 {[%clk 0:02:30]} Qd8
{[%clk 0:02:47]} 9. O-O {[%clk 0:02:29]} O-O {[%clk 0:02:46]} 10. Be3
{[%clk 0:02:25]} d6 {[%clk 0:02:45]} 11. f3 {[%clk 0:02:23]} Nd7 {[%clk 0:02:43]}
12. Qd2 {[%clk 0:02:17]} a5 {[%clk 0:02:23]} 13. Be2 {[%clk 0:02:11]} a4
{[%clk 0:02:19]} 14. Nd4 {[%clk 0:02:11]} Nxd4 {[%clk 0:02:19]} 15. Bxd4
{[%clk 0:02:12]} Bxd4+ {[%clk 0:02:03]} 16. Qxd4 {[%clk 0:02:12]} Qb6
{[%clk 0:02:00]} 17. Qxb6 {[%clk 0:01:39]} Nxb6 {[%clk 0:02:01]} 18. Rfc1
{[%clk 0:01:36]} Bd7 {[%clk 0:01:54]} 19. Kf2 {[%clk 0:01:28]} Rfc8
{[%clk 0:01:52]} 20. b3 {[%clk 0:01:24]} axb3 {[%clk 0:01:33]} 21. axb3
{[%clk 0:01:25]} Be6 {[%clk 0:01:29]} 22. Ke3 {[%clk 0:01:23]} Nd7
{[%clk 0:01:27]} 23. Nb5 {[%clk 0:00:57]} 1/2-1/2